Aktivity Slovensko-amerického podnikateľského fondu
Slovensko-americký podnikateľský fond (SAEF) je spoločnosť, ktorej cieľom je investovať do rozvoja perspektívnych súkromných slovenských podnikov. Fond investuje finančné prostriedky formou úveru, kapitálového vkladu, poskytuje poradenstvo a školenia. Priame investície SAEF. Americký úverový program...
Saved in:
| Main Author: | |
|---|---|
| Format: | Book Chapter |
| Language: | Slovak |
| Subjects: | |
| Tags: |
No Tags, Be the first to tag this record!
|
MARC
| LEADER | 00000naa a2200000 4500 | ||
|---|---|---|---|
| 001 | r031479 | ||
| 005 | 20041019155550.8 | ||
| 041 | 0 | |a slo | |
| 044 | |a SK | ||
| 245 | 1 | 0 | |a Aktivity Slovensko-amerického podnikateľského fondu |c Iveta Ribanská |
| 520 | |a Slovensko-americký podnikateľský fond (SAEF) je spoločnosť, ktorej cieľom je investovať do rozvoja perspektívnych súkromných slovenských podnikov. Fond investuje finančné prostriedky formou úveru, kapitálového vkladu, poskytuje poradenstvo a školenia. Priame investície SAEF. Americký úverový program - program spoločných úverov s Poľnobankou, a.s. | ||
| 610 | 2 | 0 | |a podpora podnikania |
| 610 | 2 | 0 | |a podnik súkromný |
| 610 | 2 | 0 | |a Slovensko |
| 610 | 2 | 0 | |a úver |
| 610 | 2 | 0 | |a investície priame zahraničné |
| 610 | 2 | 0 | |a Slovensko-americký podnikateľský fond |
| 610 | 2 | 0 | |a Poľnobanka, a.s. Bratislava |
| 100 | 1 | |a Ribanská, Iveta | |